Southville International School and Colleges
Your cart is empty.
  • Cart
  • Lists
    Public lists list_1 View all
    Your lists Log in to create your own lists
  • Log in to your account
  • Your cookies
  • Search history
Southville International School and Colleges
  • Advanced search
  • Recent comments
  • Most popular
  • Libraries

Log in to your account

Log in with GOOGLE


If you do not have an external account, but do have a local account, you can still log in:

  1. Home
  2. MARC view: A comparative study of spiritual intelligence scores among nursing students in selected colleges and universities in south metro manila
Normal view MARC view ISBD view

A comparative study of spiritual intelligence scores among nursing students in selected colleges and universities in south metro manila (Record no. 366996)

[ view plain ]
MARC details
000 -LEADER
fixed length control field 00986nam a22002537a 4500
003 - CONTROL NUMBER IDENTIFIER
control field 0
005 - DATE AND TIME OF LATEST TRANSACTION
control field 20250116151511.0
008 - FIXED-LENGTH DATA ELEMENTS--GENERAL INFORMATION
fixed length control field 250116b xxu||||| |||| 00| 0 eng d
050 ## - LIBRARY OF CONGRESS CALL NUMBER
Classification number RT 71
Item number .F96 2024
100 ## - MAIN ENTRY--PERSONAL NAME
Personal name Fuller, Rasheed G.
245 ## - TITLE STATEMENT
Title A comparative study of spiritual intelligence scores among nursing students in selected colleges and universities in south metro manila
Statement of responsibility, etc Rasheed G. Fuller
260 ## - PUBLICATION, DISTRIBUTION, ETC. (IMPRINT)
Place of publication, distribution, etc Las Pinas City
Name of publisher, distributor, etc Southville International School and Colleges
Date of publication, distribution, etc 2024
300 ## - PHYSICAL DESCRIPTION
Extent ix, 91 pages :
Other physical details illustrations ;
Dimensions 29cm.
504 ## - BIBLIOGRAPHY, ETC. NOTE
Bibliography, etc Includes bibliographical references and appendices.
650 ## - SUBJECT ADDED ENTRY--TOPICAL TERM
Topical term or geographic name as entry element Nursing students—Psychology.
650 ## - SUBJECT ADDED ENTRY--TOPICAL TERM
Topical term or geographic name as entry element Spiritual intelligence—Testing.
650 ## - SUBJECT ADDED ENTRY--TOPICAL TERM
Topical term or geographic name as entry element Nursing—Study and teaching—Philippines.
650 ## - SUBJECT ADDED ENTRY--TOPICAL TERM
Topical term or geographic name as entry element Comparative studies—Philippines.
700 ## - ADDED ENTRY--PERSONAL NAME
Personal name Galicha, Olivia R.
700 ## - ADDED ENTRY--PERSONAL NAME
Personal name Garces, Angelo Jose
700 ## - ADDED ENTRY--PERSONAL NAME
Personal name Garcia, Hannah Regina C.
700 ## - ADDED ENTRY--PERSONAL NAME
Personal name Hipolito, Cassandra L.
942 ## - ADDED ENTRY ELEMENTS (KOHA)
Source of classification or shelving scheme Library of Congress Classification
Koha item type Theses
Holdings
Withdrawn status Lost status Source of classification or shelving scheme Damaged status Home library Current library Shelving location Date acquired Source of acquisition Total Checkouts Full call number Barcode Date last seen Price effective from Koha item type
    Library of Congress Classification   College Library College Library Theses Section 01/16/2025 Donation   RT 71 .F96 2024 T1273 01/16/2025 01/16/2025 Theses

A comparative study of spiritual intelligence scores among nursing students in selected colleges and universities in south metro manila

APA

Fuller R. G., Galicha O. R., Garces A. J., Garcia H. R. C. & Hipolito C. L. (2024). A comparative study of spiritual intelligence scores among nursing students in selected colleges and universities in south metro manila. Las Pinas City: Southville International School and Colleges.

Chicago

Fuller Rasheed G, Galicha Olivia R, Garces Angelo Jose, Garcia Hannah Regina C and Hipolito Cassandra L. 2024. A comparative study of spiritual intelligence scores among nursing students in selected colleges and universities in south metro manila. Las Pinas City: Southville International School and Colleges.

Harvard

Fuller R. G., Galicha O. R., Garces A. J., Garcia H. R. C. and Hipolito C. L. (2024). A comparative study of spiritual intelligence scores among nursing students in selected colleges and universities in south metro manila. Las Pinas City: Southville International School and Colleges.

MLA

Fuller Rasheed G, Galicha Olivia R, Garces Angelo Jose, Garcia Hannah Regina C and Hipolito Cassandra L. A comparative study of spiritual intelligence scores among nursing students in selected colleges and universities in south metro manila. Las Pinas City: Southville International School and Colleges. 2024.

  • Print
  • Cite
  • Add to your cart (remove)
  • Save record
    BIBTEX Dublin Core MARCXML MARC (non-Unicode/MARC-8) MARC (Unicode/UTF-8) MARC (Unicode/UTF-8, Standard) MODS (XML) RIS
  • More searches
    Search for this title in:
    Other Libraries (WorldCat) Other Databases (Google Scholar) Online Stores (Bookfinder.com) Open Library (openlibrary.org)

Exporting to Dublin Core...

SOUTHVILLE LIBRARY

Southville International School and Colleges Library

1281 Tropical Ave. Cor. Luxembourg St., BF Homes International, Las Pinas City

Tel. No. 8256374 / 252358 Loc. 117/146

Powered by Koha